Джейн Ейр (Запис № 17701)

000 -Маркер запису
Контрольне поле сталої довжини 02847nam a22002657a 4500
003 - Належність контрольного номера
Контрольне поле Uzh_bibl
008 - Кодовані дані
Контрольне поле сталої довжини 260511b |||||||| |||| 00| 0 ukr d
020 ## - Індекс ISBN
ISBN 978-617-07-0639-3
Ціна 134,40
040 ## - Джерело каталогіз.
Код мови каталог. укр.
041 ## - Код мови видання
Код мови оригіналу англійська
Код мови тексту українська
080 ## - Індекс УДК
Індекс УДК 821(410)
090 ## - Шифри
Поличний індекс 821(410)
Авторський знак Б 88
100 ## - Автор
Автор Бронте,Шарлотта
245 ## - Назва
Назва Джейн Ейр
Відповідальність пер. з англ.Олени Ломакіної
Фізичний носій Текст
260 ## - Вихідні дані
Місце видання Київ
Видавництво Знання
Дата видання 2018
300 ## - Фізичний опис
Обсяг 511 с.
Тип одиниці В опр.
490 ## - Серія
Назва серії Серія "Класна література"
520 ## - Анотація
Анотація “Джейн Ейр” — безсмертний роман відомої англійської письменниці Шарлотти Бронте (1816—1855), що приніс їй неймовірну славу і став революційним у світовій літературі. Це щира розповідь головної героїні про свою долю і кохання, кожен епізод якої виписаний психологічно сильно й глибоко. Твір випереджав свій час за важливістю порушених у ньому проблем: особиста та соціальна свобода жінки, станова нерівність, питання віри тощо. Ця книга дала початок феміністичному руху в літературі, витримала безліч екранізацій і незмінно займає перші позиції у списках бестселерів.<br/>Відтоді як ця книга побачила світ, образ Джейн Ейр полонив серця мільйонів читачів. Тендітна, з виду слабка й непоказна, проте неймовірно жіночна і сильна духом, здатна приймати рішення й протистояти обставинам — вона ніколи не йде проти свого сумління, її вчинки завжди виважені й правильні, незважаючи на всі труднощі й випробування, які ставить перед нею життя. Але найбільше Джейн хоче дарувати комусь тепло, що переповнює її душу, та прагне любові — чистої, високої, взаємної. І попри все досягає своєї мети.
521 ## - Примітка про цільове призначення
Примітка про цільове призначення Для широкого кола читачів
546 ## - Примітка про мову
Примітка про мову укр.
650 ## - Тематичні рубрики
Основна рубрика Літературно-художнє видання
653 ## - Ключові слова
Ключові слова Кохання
-- Вірність
655 ## - Термін індексування — жанр/форма
Жанр/форма Зарубіжна класика
Типове ділення Роман
942 ## - ADDED ENTRY ELEMENTS (KOHA)
Джерело класифікації чи схема поличного розташування
Koha item type Книги
Фонди
Статус вилучення Статус втрати/відсутності Джерело класифікації чи схема поличного розташування Статус пошкодження Тип обігу (не для випозичання) Постійне розташування Поточне розташування Розташування у відділі Дата надходження Інвентарний номер Total Checkouts Повний (примірниковий) шифр зберігання Штрих-код Date last seen Дата, для якої чинна ціна заміни Тип одиниці (рівень примірника)
          Бібліотека-філія №3 Бібліотека-філія №3 Абонемент старший відділ 11/05/2026 70712   821(410) 4240 11/05/2026 11/05/2026 Книги

Працює на АБІС Коха